200 suosituinta naisten nimeä alkukirjaimella J - Statistics

Yleistilastot
  • Tätä visaa on pelattu 509 kertaa
  • Keskiarvotulos 83 / 200
Vastaustilastot
% Oikein
Jenni
98%
Jenny
98%
Jennie
97%
Jeanna
96%
Jaana
95%
Jenna
95%
Juli
95%
Julia
95%
Júlia
95%
Julie
95%
Julija
95%
Juuli
95%
Juulia
95%
Janni
93%
Jani
91%
Janna
91%
Jannah
91%
Johanna
91%
Jasemin
86%
Jasmi
86%
Jasmiin
86%
Jasmin
86%
Jasmine
86%
Jazmin
86%
Jonna
86%
Jessi
84%
Jessie
84%
Jaanika
81%
Janica
81%
Janiika
81%
Janika
81%
Jemiina
80%
Jemina
80%
Jessica
80%
Jessika
80%
Janiina
79%
Janina
79%
Janniina
79%
Jannina
79%
Jasmiina
78%
Jasmina
78%
Jutta
78%
Jane
76%
Juliaana
75%
Juliana
75%
Julianna
75%
Julienna
75%
Juulianna
75%
Janita
74%
Janitta
74%
Jatta
73%
Joa
73%
Jooa
73%
Jade
68%
Jannica
68%
Jannika
68%
Janet
66%
Jeanette
66%
Jeannette
66%
Joan
66%
Joanne
66%
Josefiina
66%
Josefina
66%
Joana
64%
Joanna
64%
Janette
63%
Jun
59%
Justiina
59%
Justina
59%
Justyna
59%
Jeni
56%
Juliet
55%
Juliette
55%
Jenica
54%
Jenika
54%
Jennica
54%
Jennika
54%
Jill
52%
Josefin
52%
Josefine
52%
Josephine
52%
Jarna
49%
Jana
48%
Jetta
47%
Jin
47%
Jing
47%
Jenniina
46%
Jennina
46%
Jelena
45%
June
45%
Juni
43%
Junie
43%
Juuni
43%
Judi
40%
Judy
40%
Jenifer
39%
Jennifer
39%
Jennyfer
39%
Judit
38%
Judith
38%
Juudit
38%
Jean
36%
Jeanne
36%
Jadessa
34%
Juliane
34%
Julianne
34%
Jamina
33%
Jennimari
33%
Jekaterina
32%
Jinna
30%
Jenina
27%
Julietta
27%
Jia
26%
Jiia
26%
Jona
26%
Jena
25%
Jiina
25%
Jina
25%
Joalin
25%
Juno
22%
Johanne
20%
Joy
20%
Juan
20%
Junia
20%
Jwan
20%
Jenita
18%
Jilla
18%
Jolina
18%
Janessa
17%
Jelina
17%
Jolanda
16%
Jolanta
16%
Jolene
16%
Joline
16%
Janetta
15%
Jemima
14%
Jessiina
14%
Jessina
14%
Jippu
14%
Jocelyn
14%
Jella
13%
Jesse
13%
Jaael
12%
Jael
12%
Jannike
12%
Jeena
12%
Juana
12%
Jila
11%
Jaada
10%
Jada
10%
Jara
10%
Jasmiini
10%
Josette
10%
Juanita
10%
Jadeliina
9%
Janine
9%
Jerica
9%
Jerika
9%
Jolie
9%
Jacqueline
8%
Jamila
8%
Jamilla
8%
Jertta
8%
Jitta
8%
Jadelia
7%
Jadette
7%
Jay
7%
Jeela
7%
Jerina
7%
Jadele
6%
Janice
6%
Janissa
6%
Joela
6%
Joella
6%
Juniper
6%
Jamie
5%
Janelle
5%
Jarita
5%
Josetta
5%
Josie
5%
Jelizaveta
4%
Jinka
4%
Joyce
4%
Julina
4%
Janka
3%
Jasna
3%
Jemilia
3%
Jevgenia
3%
Janella
2%
Jaroslava
1%
Jasminka
1%
Jasper
1%
Jenilla
1%
Jennamiia
1%
Jonina
1%
Josefia
1%
Julita
1%
Jannat
0%
Jehona
0%
Jumana
0%
Ehtoja vastaavia visoja ei löytynyt
Tulosjakauma
Jokaisen tuloksen saaneiden osuus
Persentiili vastausten määrän mukaan
Tuloshistoriasi
Et ole pelannut tätä visaa